The Malpaharias of West Bengal (Record no. 77766)

MARC details
000 -LEADER
fixed length control field 00923cam a22002531 4500
001 - CONTROL NUMBER
control field sa 68001170
003 - CONTROL NUMBER IDENTIFIER
control field DLC
005 - DATE AND TIME OF LATEST TRANSACTION
control field 20260227112431.0
008 - FIXED-LENGTH DATA ELEMENTS--GENERAL INFORMATION
fixed length control field 710903s1966 ii b 00010 eng
010 ## - LIBRARY OF CONGRESS CONTROL NUMBER
LC control number sa 68001170 //r922
025 ## - OVERSEAS ACQUISITION NUMBER
Overseas acquisition number PL480:I-E-8237
040 ## - CATALOGING SOURCE
Original cataloging agency DLC
Transcribing agency DLC
Modifying agency DLC
050 00 - LIBRARY OF CONGRESS CALL NUMBER
Classification number DS432.M25
Item number D3
100 10 - MAIN ENTRY--PERSONAL NAME
Personal name Das, Amal Kumar.
245 14 - TITLE STATEMENT
Title The Malpaharias of West Bengal
Statement of responsibility, etc. [by] Amal Kumar Das, Bidyut Kumar Roy Chowdhury and Manis Kumar Raha.
260 0# - PUBLICATION, DISTRIBUTION, ETC.
Place of publication, distribution, etc. Calcutta,
Name of publisher, distributor, etc. Tribal Welfare Dept., Govt. of West Bengal,
Date of publication, distribution, etc. 1966.
300 ## - PHYSICAL DESCRIPTION
Extent 184 p.
Dimensions 23 cm.
490 1# - SERIES STATEMENT
Series statement Bulletin of the Cultural Research Institute. Special series, no. 7
504 ## - BIBLIOGRAPHY, ETC. NOTE
Bibliography, etc. note Bibliography: p. 161-164.
650 #0 - SUBJECT ADDED ENTRY--TOPICAL TERM
Topical term or geographic name entry element Malto (Indic people)
700 20 - ADDED ENTRY--PERSONAL NAME
Personal name Roy Chowdhury, Bidyut Kumar,
Relator term joint author.
700 10 - ADDED ENTRY--PERSONAL NAME
Personal name Raha, Manis Kumar,
Relator term joint author.
830 #0 - SERIES ADDED ENTRY--UNIFORM TITLE
Uniform title Bulletin of the Cultural Research Institute.
Name of part/section of a work Special series ;
Volume/sequential designation no. 7.

No items available.

Powered by Koha